The Making of Kijote Kathakali: (Record no. 216098)
[ view plain ]
| 000 -LEADER | |
|---|---|
| fixed length control field | 00865nam a22002417a 4500 |
| 005 - DATE AND TIME OF LATEST TRANSACTION | |
| control field | 20260507155640.0 |
| 010 ## - LCCN (DPL NO) | |
| LC control number | ENG-148396 |
| 020 ## - INTERNATIONAL STANDARD BOOK NUMBER | |
| Terms of availability | 2500.00 |
| International Standard Book Number | 9789370986350 |
| 035 ## - SYSTEM CONTROL NUMBER | |
| System control number | EN-131928 |
| 037 ## - SOURCE OF ACQUISITION | |
| Source of stock number/acquisition | DBAD |
| 082 ## - DEWEY DECIMAL CLASSIFICATION NUMBER | |
| Classification number | 792.62 |
| 100 ## - MAIN ENTRY--PERSONAL NAME | |
| Personal name | Cervantes , Miguel de |
| 245 ## - TITLE STATEMENT | |
| Title | The Making of Kijote Kathakali: |
| Statement of responsibility, etc | by Miguel de Cervantes; edited by Guillermo Rodriguez [and] P. Venugopalan |
| Remainder of title | An Intercultural Theatre Play in Kathakali based on Don Quixote / |
| 260 ## - PUBLICATION, DISTRIBUTION, ETC. (IMPRINT) | |
| Place of publication, distribution, etc | Kerala |
| Name of publisher, distributor, etc | DC Books |
| Date of publication, distribution, etc | 2026 |
| 270 ## - ADDRESS | |
| Address | DC Kizhakemuri Edam, Good Shepherd Street, |
| City | Kerala |
| Postal code | 686001 |
| 300 ## - PHYSICAL DESCRIPTION | |
| Extent | 476p.: |
| Dimensions | 25cm(Hb) |
| Other physical details | illus. |
| 500 ## - GENERAL NOTE | |
| General note | Includes index |
| 650 ## - SUBJECT ADDED ENTRY--TOPICAL TERM | |
| Topical term or geographic name as entry element | Public libraries |
| 650 ## - SUBJECT ADDED ENTRY--TOPICAL TERM | |
| Topical term or geographic name as entry element | Directories |
| 700 ## - ADDED ENTRY--PERSONAL NAME | |
| Personal name | Rodriguez, Guillermo |
| 9 (RLIN) | 89025 |
| 700 ## - ADDED ENTRY--PERSONAL NAME | |
| Personal name | Venugopalan , P. |
| 9 (RLIN) | 89028 |
| 942 ## - ADDED ENTRY ELEMENTS (KOHA) | |
| Source of classification or shelving scheme | Dewey Decimal Classification |
| Item type | English Books |
| Classification part | 792.62 |
| Call number suffix | CER |
| Withdrawn status | Lost status | Not for loan | Collection code | Home library | Current library | Date acquired | Source of acquisition | Cost, normal purchase price | Full call number | Barcode | Copy number | Cost, replacement price | Koha item type |
|---|---|---|---|---|---|---|---|---|---|---|---|---|---|
| Not For Loan | Reference | Sarojini Nagar | Sarojini Nagar | 07/05/2026 | DBAD | 2500.00 | 792.62 CER | EN-131928 | 1 | 2500.00 | English Books |
